[Event "Oberliga Nord O9899"]
[Site "GER"]
[Date "1998.??.??"]
[Round "?"]
[White "Berthold, Andreas"]
[Black "Schulz, Joern"]
[Result "0-1"]
[WhiteElo "2205"]
[BlackElo "2090"]

1.d4 Nf6 2.c4 e6 3.Nc3 Bb4 4.Qc2 O-O 5.e4 d5 6.e5 Ne4 7.Bd3 c5 8.cxd5 exd5
9.f3 Qh4+ 10.g3 Nxg3 11.Qf2 Nf5 12.Bxf5 Bxc3+ 13.bxc3 Qxf2+ 14.Kxf2 Bxf5
15.Ba3 Nd7 16.Ne2 f6 17.e6 Bxe6 18.Nf4 Bf7 19.dxc5 Rfc8 20.Rhd1 Nxc5 21.Nxd5 Bxd5
22.Rxd5 Ne6 23.Rc1 Rd8 24.c4 Nf4 25.Rxd8+ Rxd8 26.Rc2 Kf7 27.Kg3 g5 28.h4 Rd3
29.hxg5 fxg5 30.Bc1 Ne6 31.Rb2 b6 32.Rb5 h6 33.Bb2 Kg6 34.Re5 Nf4 35.Bc1 Nh5+
36.Kf2 Rc3 37.Re6+ Kf5 38.Rxh6 Rxc1 39.Rxh5 Rxc4  0-1

[Event "Oberliga Ost B9798"]
[Site "Germany"]
[Date "1998.??.??"]
[Round "?.5"]
[White "Stimpel, Franz"]
[Black "Traudes, Wolfgang"]
[Result "0-1"]
[WhiteElo "2245"]
[BlackElo "2195"]

1.d4 Nf6 2.c4 e6 3.Nc3 Bb4 4.Qc2 O-O 5.Bg5 h6 6.Bh4 d6 7.e3 Re8 8.Nf3 Nbd7
9.Be2 e5 10.a3 exd4 11.axb4 dxc3 12.bxc3 Ne5 13.Nxe5 Rxe5 14.O-O Bf5 15.Qc1 Re6
16.f3 Qe8 17.e4 Bg6 18.Bd1 Nd7 19.Bb3 c5 20.Rd1 Nb6 21.Ra2 f5 22.exf5 Bxf5
23.Rad2 Qg6 24.Bg3 Nc8 25.Re1 a5 26.Ra2 b6 27.Ba4 Ra7 28.Bc6 Ne7 29.Bb5 Bd3
30.Rxe6 Qxe6 31.Rd2 Bxc4 32.Rxd6 Qe2 33.Rd8+ Kh7 34.Qb1+ g6 35.Bxc4 Qxc4
36.Be5 Ng8 37.bxc5 bxc5 38.h4 h5 39.Qb6 Re7 40.f4 Qe2 41.Qxc5 Qe1+ 42.Kh2 Qxh4+
43.Kg1 Rxe5 44.Rd7+ Re7 45.Rxe7+ Qxe7 46.Qxa5 Qe3+  0-1

[Event "BL9798 (Women)"]
[Site "Germany"]
[Date "1998.??.??"]
[Round "?.1"]
[White "Broeder, Iris"]
[Black "Prudnikova, Svetlana"]
[Result "0-1"]
[WhiteElo "2165"]
[BlackElo "2385"]

1.d4 Nf6 2.c4 e6 3.Nc3 Bb4 4.Qc2 O-O 5.a3 Bxc3+ 6.Qxc3 b6 7.Nf3 Bb7 8.g3 d6
9.Bg2 Nbd7 10.O-O Qe7 11.b4 a5 12.Bb2 Ne4 13.Qc2 f5 14.e3 Ndf6 15.Nd2 Nxd2
16.Qxd2 Bxg2 17.Kxg2 d5 18.b5 dxc4 19.Rfc1 Qd7 20.Qe2 c6 21.Qxc4 cxb5 22.Qc6 Rfc8
23.Qxd7 Nxd7 24.Kf3 Rc4 25.Rxc4 bxc4 26.a4 Rc8 27.Rc1 Nf6 28.Ke2 g5 29.h3 h5
30.f3 g4 31.hxg4 hxg4 32.Bc3 gxf3+ 33.Kxf3 Kf7 34.Rb1 Nd5 35.Rc1 Nf6 36.Rb1 Ne4
37.Rc1 Rh8 38.Be1 Rc8 39.Bc3 Rg8 40.Be1 c3 41.Rc2 Rc8 42.g4 Rc4 43.gxf5 exf5
44.Kf4 Ke6 45.Rc1 Rxa4 46.Bxc3 Rc4 47.d5+ Kxd5 48.Rd1+ Ke6 49.Bd4 Nc3 50.Rd2 Nb5
51.Rh2 Nxd4 52.Rh6+ Kd5 53.exd4 Rxd4+ 54.Kxf5 Kc5 55.Ke5 Rd8 56.Rh1 a4 57.Rc1+ Kb4
58.Rb1+ Ka5  0-1

[Event "BL9798 (Women)"]
[Site "Germany"]
[Date "1998.??.??"]
[Round "?.3"]
[White "Kas Fromm, Rita"]
[Black "Jahn, Constanze"]
[Result "1/2-1/2"]
[WhiteElo "2245"]
[BlackElo "2180"]

1.d4 Nf6 2.c4 e6 3.Nc3 Bb4 4.Qc2 O-O 5.a3 Bxc3+ 6.Qxc3 b5 7.cxb5 c6 8.e3 Bb7
9.a4 Ne4 10.Qc2 f5 11.Nf3 cxb5 12.axb5 a6 13.Bd2 Nxd2 14.Qxd2 axb5 15.Rxa8 Bxa8
16.Bxb5 Qb6 17.Be2 Bd5 18.O-O Nc6 19.Ne5 Nxe5 20.dxe5 Rb8 21.f4 Qxb2 22.Qxb2 Rxb2
23.Bf3 Bxf3 24.Rxf3 Kf7  1/2-1/2

[Event "Oberliga Ost B9798"]
[Site "Germany"]
[Date "1998.??.??"]
[Round "?.6"]
[White "Ballo, Emanuel"]
[Black "Traudes, Wolfgang"]
[Result "1/2-1/2"]
[WhiteElo "2195"]
[BlackElo "2195"]

1.d4 Nf6 2.c4 e6 3.Nc3 Bb4 4.Qc2 O-O 5.a3 Bxc3+ 6.Qxc3 b5 7.cxb5 c6 8.Bg5 h6
9.Bh4 Bb7 10.e3 cxb5 11.Nf3 a6 12.Bd3 d6 13.O-O Nbd7 14.Qb4 Qb6 15.Bg3 Bxf3
16.gxf3 e5 17.a4 Rab8 18.axb5 axb5 19.Ra5 Qc6 20.e4 Rb6 21.Rxb5 Rfb8 22.Rxb6 Rxb6
23.Qc3 Qb7 24.Rb1 Rb3 25.Qc2 Qb6 26.Bc4 Rb4 27.b3 Qxd4 28.Rd1 Qc5 29.Qd2 Rb6
30.Rc1 Qb4 31.Qxb4 Rxb4 32.Ra1 Nb6 33.Rd1 Ne8 34.Rc1 g5 35.h4 Kf8 36.hxg5 hxg5
37.Kf1 Ng7 38.Rd1 Ke7 39.Rc1 Nxc4 40.bxc4 Ne6 41.c5 f6 42.cxd6+ Kxd6 43.Rc3 Nd4
44.Kg2 Rb3 45.Re3 Kc5 46.Bh2 Kc4 47.Kg3 Rb6 48.Ra3 Kc5 49.Kg4 Kd6 50.Rd3 Rb4
51.Ra3 Ke6 52.Ra6+ Kf7 53.Ra3 Rb3 54.Rxb3 Nxb3 55.Bxe5 fxe5 56.Kxg5 Nd4 57.Kg4 Kf6  1/2-1/2

[Event "BL2-W9798"]
[Site "Germany"]
[Date "1998.??.??"]
[Round "?.3"]
[White "Forintos, Gyozo V"]
[Black "Lingnau, Carsten"]
[Result "0-1"]
[WhiteElo "2440"]
[BlackElo "2425"]

1.d4 Nf6 2.c4 e6 3.Nc3 Bb4 4.Qc2 O-O 5.a3 Bxc3+ 6.Qxc3 b6 7.Nf3 Bb7 8.g3 c5
9.dxc5 bxc5 10.Bg2 d6 11.O-O a5 12.b3 Nc6 13.Rb1 Qe7 14.Bb2 e5 15.Qe3 Rfe8
16.Bc3 d5 17.cxd5 Nxd5 18.Qc1 Nd4 19.Nxd4 cxd4 20.Bb2 Rec8 21.Qd2 Nc3 22.Bxc3 Bxg2
23.Kxg2 dxc3 24.Qc2 Qxa3 25.Ra1 Qc5 26.Ra4 Rab8 27.Rc4 Qd5+ 28.e4 Qb7 29.Rxc8+ Rxc8
30.Rd1 h6 31.Rd5 Qc7 32.Kf1 f6 33.Ke2 Kh7 34.h4 Qb6 35.h5 Qb4 36.f3 Qb6 37.Rd1 Qc5
38.Rc1 Qb5+ 39.Ke3 Qc5+ 40.Ke2 Qb4 41.Rd1 Rb8 42.Rd5 a4 43.bxa4 Qc4+ 44.Ke3 Rb2
45.Qd3 Qc7  0-1

[Event "BL2-W9798"]
[Site "Germany"]
[Date "1998.??.??"]
[Round "?.2"]
[White "Lytchak, Alexander"]
[Black "Hall, Jesper"]
[Result "1/2-1/2"]
[WhiteElo "2390"]
[BlackElo "2460"]

1.d4 Nf6 2.c4 e6 3.Nc3 Bb4 4.Qc2 O-O 5.a3 Bxc3+ 6.Qxc3 d6 7.b4 c5 8.dxc5 dxc5
9.Bb2 Qe7 10.e3 b6 11.Nf3 Nbd7 12.Bd3 Bb7 13.O-O Rfe8 14.Rfd1 Rad8 15.Ne5 Nxe5
16.Qxe5 cxb4 17.axb4 Qxb4 18.Bd4 a6 19.Qg3 Qe7 20.Bxb6 Rc8 21.Qh4 h6 22.c5 Ra8
23.Be2 Rec8 24.Rd6 Kf8 25.f3 Nd7 26.Qb4 Nxb6 27.Rxb6 Ra7 28.Rc1 a5 29.Qb1 Bd5
30.Qh7 Qg5 31.Kf2 Ke7 32.Qd3 Rac7 33.Qa3 Ra8 34.c6+ Ke8 35.e4 Qh4+ 36.Kg1 Qf6
37.Qe3 Ba2 38.e5 Qe7 39.Rd1 Bd5 40.Rc1 a4 41.Ba6 a3 42.Bb7 Rd8 43.Ra1 a2
44.Qc3 f5  1/2-1/2

[Event "BL2-O9798"]
[Site "Germany"]
[Date "1998.??.??"]
[Round "7.2"]
[White "Prusikin, Mikhajlo"]
[Black "Andresen, Steffen"]
[Result "1-0"]
[WhiteElo "2450"]
[BlackElo "2335"]

1.d4 Nf6 2.c4 e6 3.Nc3 Bb4 4.Qc2 O-O 5.a3 Bxc3+ 6.Qxc3 b6 7.Nf3 Bb7 8.g3 d5
9.Bg2 Nbd7 10.cxd5 Bxd5 11.O-O c5 12.dxc5 Nxc5 13.Be3 Rc8 14.Rad1 Nb3 15.Qb4 Na5
16.Rc1 Rc4 17.Rxc4 Bxc4 18.Nd4 Nd5 19.Qd2 e5 20.Nf5 Nxe3 21.Qxe3 Qf6 22.Qe4 Rd8
23.Ne3 Bb3 24.Rc1 Qe6 25.h4 g6 26.h5 Qe7 27.f4 Re8 28.fxe5 Qxe5 29.Qxe5 Rxe5
30.Rc8+ Kg7 31.h6+  1-0

[Event "BL2-O9798"]
[Site "Germany"]
[Date "1998.??.??"]
[Round "7.6"]
[White "Bauer, Armin"]
[Black "Kaeppel, Roland"]
[Result "1/2-1/2"]
[WhiteElo "2230"]
[BlackElo "2140"]

1.d4 Nf6 2.c4 e6 3.Nc3 Bb4 4.Qc2 O-O 5.a3 Bxc3+ 6.Qxc3 b6 7.Nf3 Bb7 8.g3 c5
9.Bg2 cxd4 10.Qxd4 Nc6 11.Qf4 Na5 12.b4 Nb3 13.Rb1 Nxc1 14.Rxc1 a5 15.O-O axb4
16.axb4 Ra4 17.Qd2 Qe7 18.Rb1 Ne4 19.Qd4 Rxb4 20.Ne5 d5 21.Bxe4 dxe4 22.Rxb4 Qxb4
23.Nd7 Rc8 24.Nxb6 Rb8 25.Qe5 Re8 26.Qc7 Qe7 27.Qxe7 Rxe7 28.Rd1 Kf8 29.c5 Ke8
30.Kf1 Rc7 31.Rc1 h5 32.h4 Ba6 33.Ke1 Ke7 34.Kd2 f5 35.Ke3 Kf6 36.Rc2 Bb7
37.Kd4 e5+ 38.Kc4 f4 39.e3 Ke6 40.Kb5 Bc6+ 41.Kb4 Kf5 42.exf4 exf4 43.gxf4 Kxf4
44.Rc3 Kg4 45.Rg3+ Kxh4 46.Nc4 g5 47.Ne5 Be8 48.Re3 g4 49.Rxe4 Kg5 50.Nf3+ gxf3
51.Rxe8 Rb7+ 52.Kc3 Rb1 53.Rf8 h4 54.Rxf3 Kg4 55.Rf8 h3 56.Rh8 Rf1 57.Kd4 Rxf2
58.c6 Rc2 59.Kd5 Rc3 60.Rg8+ Kf3  1/2-1/2

[Event "Saitek US Masters"]
[Site "Hawaii"]
[Date "1998.??.??"]
[Round "3"]
[White "Ballo, Emanuel"]
[Black "Kobese, Watu"]
[Result "0-1"]
[WhiteElo "2200"]
[BlackElo "2330"]

1.d4 Nf6 2.c4 e6 3.Nc3 Bb4 4.Qc2 O-O 5.a3 Bxc3+ 6.Qxc3 b6 7.Bg5 Ba6 8.e3 d6
9.Bd3 Nbd7 10.Ne2 Rc8 11.O-O c5 12.b3 cxd4 13.exd4 h6 14.Bh4 d5 15.Qb4 Nb8
16.Rfd1 Nc6 17.Qa4 Bb7 18.Bxf6 Qxf6 19.cxd5 exd5 20.Rac1 a6 21.b4 b5 22.Qb3 Nxd4
23.Nxd4 Rxc1 24.Bh7+ Kh8 25.Rxc1 Qxd4 26.Qd3 Qb2 27.Rb1 Qe5 28.Qf5 Qc3 29.Qd3 Rc8
30.Rf1 g6 31.Bxg6 fxg6 32.Qxg6 Qg7  0-1

[Event "Hlohovec op"]
[Site "Hlohovec"]
[Date "1998.??.??"]
[Round "7"]
[White "Krivoshey, Sergei"]
[Black "Solodovnichenko, Yuri"]
[Result "1/2-1/2"]
[WhiteElo "2475"]
[BlackElo "2385"]

1.d4 Nf6 2.c4 e6 3.Nc3 Bb4 4.Qc2 O-O 5.a3 Bxc3+ 6.Qxc3 b6 7.Bg5 Bb7 8.e3 d6
9.f3 c5 10.Bd3 Nbd7 11.Nh3 h6 12.Bh4 Re8 13.O-O e5 14.dxc5 dxc5 15.Bf5 Nf8
16.Nf2 g5 17.Bg3 Qe7 18.Rad1 Nh5 19.Ne4 Nxg3 20.Nxg3 Rad8 21.Be4 Bc8 22.Bd5 Ng6
23.Rd2 Be6 24.Rfd1 Kf8 25.Be4 Rxd2 26.Rxd2 Rd8 27.Rxd8+ Qxd8 28.Bxg6 fxg6
29.Ne4 Qc7 30.Qd3 Qd7 31.Qc3 Qc7 32.b3 Ke7 33.g4 Bc8 34.Kg2 Bb7 35.Qc2 Qd7
36.Kg3 Bxe4 37.Qxe4 Kf6 38.Qc2 Qd6 39.Kg2 h5 40.gxh5 gxh5 41.Kf1  1/2-1/2

[Event "Hollabrunn opJ"]
[Site "Hollabrunn"]
[Date "1998.??.??"]
[Round "3"]
[White "Filip, Lucian"]
[Black "Godlauskas, Kazys"]
[Result "0-1"]
[WhiteElo "2110"]
[BlackElo "2155"]

1.d4 Nf6 2.c4 e6 3.Nc3 Bb4 4.Qc2 O-O 5.a3 Bxc3+ 6.Qxc3 b6 7.f3 d5 8.Bg5 Bb7
9.e3 Nbd7 10.cxd5 exd5 11.Bb5 c6 12.Ba4 h6 13.Bh4 Qe7 14.Ne2 Rfe8 15.Bf2 b5
16.Bc2 a5 17.a4 b4 18.Qd2 c5 19.dxc5 Nxc5 20.b3 Ba6 21.O-O d4 22.Nxd4 Bxf1
23.Rxf1 Ne6 24.Nf5 Qc7 25.Bh4 Ng5 26.Bd3 Rad8 27.Qe2 Qc3 28.Bc4 Rd2 29.Be1 Red8
30.Nd4 Rxe2 31.Bxc3 Rxe3 32.Nc6 Rd6 33.Bxf6 gxf6 34.Nxa5 Rc3 35.Re1 Rc2 36.Re2 Rc1+
37.Kf2 f5 38.Nb7 Rdd1 39.h4 Ne6 40.Rxe6 fxe6 41.Bxe6+ Kg7 42.Bxf5 Rc3 43.Be6 Kf6
44.Bg8 Rd2+ 45.Kg3 Rc7 46.Kf4 Rxb7 47.g4 Rd4+ 48.Ke3 Rd8 49.Bc4 Rc7  0-1

[Event "HUN-chT9899"]
[Site "HUN"]
[Date "1998.??.??"]
[Round "?"]
[White "Vegh, Endre"]
[Black "Varga, Peter"]
[Result "0-1"]
[WhiteElo "2340"]
[BlackElo "2445"]

1.d4 Nf6 2.c4 e6 3.Nc3 Bb4 4.Qc2 O-O 5.e4 c5 6.d5 exd5 7.exd5 Re8+ 8.Be2 b5
9.cxb5 Nxd5 10.Bd2 Bb7 11.Nxd5 Bxd5 12.Kf1 Bxd2 13.Qxd2 Bb7 14.Rd1 a6 15.bxa6 Rxa6
16.a3 Rg6 17.f3 Rge6 18.Bc4 Re3 19.h4 Qb6 20.Nh3 d5 21.Bxd5 Ba6+ 22.Kg1 Rd3
23.Re1 c4+ 24.Kh2 Rd8 25.Qg5 Qd6+ 26.Nf4 Rxd5 27.Qxd5 Qxf4+ 28.Kh3 Bc8+ 29.g4 Qc7
30.Qe5 Qc6 31.Re3 Be6 32.Rhe1 Nd7 33.Qd4 h5 34.Rd1 Re8 35.Qf4 Nf6 36.Qd6 Qxd6
37.Rxd6 Bxg4+ 38.fxg4 Rxe3+ 39.Kg2 hxg4  0-1

[Event "HUN-chT29899"]
[Site "HUN"]
[Date "1998.??.??"]
[Round "?"]
[White "Hogye, Imre"]
[Black "Lengyel, Ferenc"]
[Result "0-1"]
[WhiteElo "2220"]
[BlackElo "2275"]

1.d4 Nf6 2.c4 e6 3.Nc3 Bb4 4.Qc2 O-O 5.Nf3 b6 6.a3 Bxc3+ 7.bxc3 Bb7 8.Bg5 d6
9.e3 Nbd7 10.Bd3 h6 11.Bh4 Qe8 12.e4 e5 13.d5 Nh5 14.Bg3 Nc5 15.Be2 Qa4 16.Qxa4 Nxa4
17.Rc1 Nc5 18.Nd2 Nxg3 19.hxg3 f5 20.exf5 Rxf5 21.O-O Raf8 22.Bf3 Ba6 23.Rb1 g5
24.Rb4 R5f7 25.Ne4 g4 26.Bxg4 Nxe4 27.Be6 Bc8 28.Bxf7+ Rxf7 29.Rb2 a5 30.Re1 Nc5
31.Re3 Ba6 32.Rd2 Bxc4 33.f3 b5 34.Kh2 Nd7 35.Re4 a4 36.Rh4 Kg7 37.Rd1 Nf6
38.g4 Bxd5 39.Kg3 Kg6 40.Rdh1 Ng8 41.Kf2 Rf4 42.Ke3 Rc4 43.Kd2 c5 44.Rb1 Bc6
45.Rh2 Rf4 46.Rh3 Rf6 47.Rh5 Rf7 48.c4 Rb7 49.cxb5 Rxb5 50.Rxb5 Bxb5 51.f4 Nf6
52.f5+ Kg7 53.Rh1 Bc4 54.Kc3 Bb3  0-1

[Event "HUN-chT29899"]
[Site "HUN"]
[Date "1998.??.??"]
[Round "?"]
[White "Gyarmati, Peter"]
[Black "Kovacs, Janos"]
[Result "1/2-1/2"]
[WhiteElo "2165"]
[BlackElo "2220"]

1.d4 Nf6 2.c4 e6 3.Nc3 Bb4 4.Qc2 O-O 5.a3 Bxc3+ 6.Qxc3 c5 7.dxc5 a5 8.Bg5 Ne4
9.Bxd8 Nxc3 10.Be7 Re8 11.Bd6 Ne4 12.f3 Nxd6 13.cxd6 e5 14.e3 b6 15.Ne2 Na6
16.Nc3 Bb7 17.Be2 Re6 18.Rd1 Rc8 19.Kf2 Rc6 20.Nb5 Rc8 21.Rd2 g6 22.Rhd1 Kg7
23.Na7 Rf8 24.Nb5 Rc8 25.Na7 Rf8 26.Nb5 Rc8  1/2-1/2

[Event "HUN-chT2 9798"]
[Site "HUN"]
[Date "1998.??.??"]
[Round "?"]
[White "Kaposztas, Miklos"]
[Black "Kovacs, Istvan"]
[Result "1-0"]
[WhiteElo "2330"]
[BlackElo "2220"]

1.d4 Nf6 2.c4 e6 3.Nc3 Bb4 4.Qc2 O-O 5.Nf3 b6 6.g3 Bb7 7.Bg2 c5 8.dxc5 Bxc5
9.O-O Qc8 10.b3 Nc6 11.Bb2 d5 12.cxd5 exd5 13.Rac1 h6 14.a3 Qe6 15.b4 Be7
16.Rfd1 Rad8 17.Nb5 Ne4 18.Nfd4 Nxd4 19.Nxd4 Qd7 20.Qb3 Bd6 21.a4 Rfe8 22.e3 a5
23.bxa5 bxa5 24.Nb5 Bf8 25.Bxe4 Rxe4 26.Rc7 Qg4 27.Nd4 Ba6 28.f3 Qh5 29.fxe4 Rb8
30.Nb5 Bxb5 31.axb5 Rxb5 32.Qxb5 Qxd1+ 33.Qf1 Qb3 34.Qxf7+  1-0

[Event "HUN-chT29899"]
[Site "HUN"]
[Date "1998.??.??"]
[Round "?"]
[White "Veress, Robert"]
[Black "Csiszar, Zoltan"]
[Result "1/2-1/2"]
[WhiteElo "2305"]
[BlackElo "2175"]

1.d4 Nf6 2.c4 e6 3.Nc3 Bb4 4.Qc2 O-O 5.a3 Bxc3+ 6.Qxc3 b6 7.Bg5 Bb7 8.Nf3 d6
9.Nd2 c5 10.dxc5 bxc5 11.Bxf6 Qxf6 12.Qxf6 gxf6 13.e3 Nd7 14.Be2 a5 15.O-O-O  1/2-1/2

[Event "HUN-chT9899"]
[Site "HUN"]
[Date "1998.??.??"]
[Round "?"]
[White "Lehmann, Zoltan"]
[Black "Kustar, Sandor"]
[Result "1/2-1/2"]
[WhiteElo "2345"]
[BlackElo "2390"]

1.d4 Nf6 2.c4 e6 3.Nc3 Bb4 4.Qc2 O-O 5.a3 Bxc3+ 6.Qxc3 b6 7.Bg5 Ba6 8.Nf3 d6
9.e3 Nbd7 10.Bd3 h6 11.Bh4 c5 12.Nd2 Rc8 13.O-O Re8  1/2-1/2

[Event "HUN-chT9899"]
[Site "HUN"]
[Date "1998.??.??"]
[Round "?"]
[White "Zimmerman, Yuri"]
[Black "Wells, Peter K"]
[Result "0-1"]
[WhiteElo "2340"]
[BlackElo "2515"]

1.d4 Nf6 2.c4 e6 3.Nc3 Bb4 4.Qc2 O-O 5.e4 d5 6.e5 Ne4 7.Bd3 c5 8.a3 Ba5 9.dxc5 Bxc3+
10.bxc3 Nd7 11.Bxe4 dxe4 12.Be3 Nxe5 13.Qxe4 Nd3+ 14.Ke2 Nb2 15.Rb1 f5 16.Qd4 Qxd4
17.cxd4 Nxc4 18.Rb4 Nxa3 19.Bc1 a5 20.Rb3 Nc4 21.Nf3 b6 22.cxb6 Ba6 23.b7 Rab8
24.Bf4 e5 25.dxe5 Rfd8 26.Rc3 Rxb7 27.Ng5 Nxe5+ 28.Ke3 Nd3 29.Bc7 Re8+ 30.Kf3 h6
31.Nh3 g5 32.Kg3 a4 33.Bd6 Rb3 34.Rxb3 axb3 35.Rb1 b2 36.Ba3 Rb8 37.f3 Bc8
38.f4 Rb3 39.Bxb2 Nxb2+  0-1

[Event "HUN-chT 9798"]
[Site "Hungary"]
[Date "1998.??.??"]
[Round "?"]
[White "Csiszar, Zoltan"]
[Black "Papp, Nandor"]
[Result "1-0"]
[WhiteElo "2215"]
[BlackElo "2120"]

1.d4 Nf6 2.c4 e6 3.Nc3 Bb4 4.Qc2 O-O 5.a3 Bxc3+ 6.Qxc3 b6 7.Bg5 Bb7 8.e3 h6
9.Bh4 d6 10.f3 Nbd7 11.Bd3 Qe7 12.Ne2 e5 13.e4 Rfe8 14.O-O Rab8 15.Bf2 c5
16.dxc5 dxc5 17.Ng3 g6 18.Qd2 Kh7 19.Be3 Qf8 20.Ne2 Rbd8 21.Nc3 Ng8 22.Nb5 Ndf6
23.Qc2 a6 24.Nc3 Re6 25.Nd5 Red6 26.b4 Nxd5 27.cxd5 cxb4 28.axb4 Rf6 29.Qb2 b5
30.Qxe5 Qxb4 31.Rfc1 Qd6 32.Qd4 Qe7 33.e5 Rc6 34.d6 Qd7 35.Rxc6 Qxc6 36.Be4 Qd7
37.Bxb7 Qxb7 38.Rc1 Rd7 39.Qb6 Kg7 40.Rc7 Rxc7 41.dxc7 Qxb6 42.Bxb6 Ne7 43.Bc5 Nc8
44.Kf2 g5 45.Ke3 Kg6 46.Ke4 h5 47.Kd5 Kf5 48.g4+ hxg4 49.fxg4+ Kxg4 50.Kc6  1-0

[Event "Klatovy op-A"]
[Site "Klatovy"]
[Date "1998.??.??"]
[Round "?"]
[White "Sott, Pavel"]
[Black "Slajs, Vlastimil"]
[Result "1/2-1/2"]
[WhiteElo "2175"]
[BlackElo "2020"]

1.d4 Nf6 2.c4 e6 3.Nc3 Bb4 4.Qc2 O-O 5.a3 Bxc3+ 6.Qxc3 b6 7.Bg5 h6 8.Bh4 c5
9.dxc5 bxc5 10.e3 Bb7 11.Nf3 d6 12.Bd3 Nbd7 13.Rd1 Qb6 14.O-O  1/2-1/2

[Event "Korinthos op"]
[Site "Korinthos"]
[Date "1998.??.??"]
[Round "2"]
[White "Hillarp Persson, Tiger"]
[Black "Gershon, Alik"]
[Result "0-1"]
[WhiteElo "2410"]
[BlackElo "2425"]

1.d4 Nf6 2.c4 e6 3.Nc3 Bb4 4.Qc2 O-O 5.a3 Bxc3+ 6.Qxc3 b6 7.Bg5 Ba6 8.e3 d6
9.Bd3 Nbd7 10.Ne2 Rc8 11.Qc2 h6 12.Bh4 c5 13.Qa4 cxd4 14.exd4 Bb7 15.O-O d5
16.cxd5 Bxd5 17.Rac1 a5 18.f3 Bb7 19.Rxc8 Bxc8 20.Bb5 Qc7 21.Bg3 Qa7 22.Rc1 Ba6
23.Rc7 Qa8 24.Nc3 Nb8 25.Bc6 Nxc6 26.Qxc6 Nd5 27.Nxd5 exd5 28.Qxb6 Rb8 29.Qxa5 Rxb2
30.h4 Rxg2+ 31.Kxg2 Bf1+ 32.Kxf1 Qxa5 33.Kg2 Qxa3 34.Bf2 Qd3 35.Rc6 Kh7 36.Rd6 Qf5
37.Bg3 f6 38.Rc6 g5 39.hxg5 hxg5 40.Rc3 Qe6 41.Bf2 f5 42.Re3 Qd7 43.Re5 Kg6
44.Kf1 f4 45.Kg2 g4 46.fxg4 Qxg4+ 47.Kf1 Qf3 48.Kg1 Qh3 49.Re8 Kf5 50.Rf8+ Ke4
51.Rb8 Qg4+ 52.Kf1 Qd1+ 53.Kg2 Qf3+ 54.Kg1 Qg4+ 55.Kf1 f3 56.Ke1 Qg2 57.Rh8 Qg5
58.Rh4+ Kd3 59.Kf1 Qd2  0-1

[Event "Korinthos op"]
[Site "Korinthos"]
[Date "1998.??.??"]
[Round "4"]
[White "Andrews, Todd D"]
[Black "Tsiotridis, Panayotis"]
[Result "1-0"]
[WhiteElo "2145"]
[BlackElo "2130"]

1.d4 Nf6 2.c4 e6 3.Nc3 Bb4 4.Qc2 O-O 5.a3 Bxc3+ 6.Qxc3 b6 7.Bg5 h6 8.Bh4 c5
9.dxc5 bxc5 10.e3 d6 11.Bd3 Nbd7 12.Ne2 Qb6 13.O-O Rb8 14.Rab1 a5 15.b3 Bb7
16.Rfd1 Bc6 17.Bg3 Qc7 18.Bxd6 Qb7 19.f3  1-0

[Event "Kstovo"]
[Site "Kstovo"]
[Date "1998.??.??"]
[Round "2"]
[White "Skomorokhin, Roman"]
[Black "Aleksandrov, Aleksej"]
[Result "0-1"]
[WhiteElo "2480"]
[BlackElo "2615"]

1.d4 Nf6 2.c4 e6 3.Nc3 Bb4 4.Qc2 O-O 5.a3 Bxc3+ 6.Qxc3 b6 7.Bg5 Bb7 8.e3 c5
9.dxc5 bxc5 10.f3 Nc6 11.Nh3 h6 12.Bh4 Ne4 13.Bxd8 Nxc3 14.Bc7 Rfc8 15.Bd6 Na4
16.b3 Nb6 17.Be2 Na5 18.Rb1 Ba6 19.e4 f6 20.Nf2 Kf7 21.Bf4 e5 22.Be3 Rab8
23.Kd2 d6 24.Kc2 Rc7 25.Nd1 Bc8 26.Nc3 Be6 27.Nb5 Rd7 28.Rhd1 Nc8 29.Rb2 a6
30.Nc3 Rdb7 31.Rdb1 Nc6 32.Nd5 a5 33.Nc3 Nb6 34.Nb5 Ke7 35.a4 Nd4+ 36.Nxd4 cxd4
37.Bd2 Ra8 38.Ra2 Nd7 39.Bc1 f5 40.Ba3 fxe4 41.fxe4 Rf8 42.Rf1 Rxf1 43.Bxf1 Nf6
44.Bd3 Ng4 45.Bc1 Nf2 46.Rb2 Bg4 47.h3 Bd1+ 48.Kd2 Rxb3 49.Rxb3 Bxb3 50.Ba3 Bxa4
51.Ke2 Nxd3 52.Kxd3 Ke6 53.Bc1 Bb3 54.Bd2 a4 55.Bb4 Ba2  0-1

[Event "Las Vegas"]
[Site "Las Vegas"]
[Date "1998.??.??"]
[Round "6"]
[White "Atalik, Suat"]
[Black "Epishin, Vladimir"]
[Result "0-1"]
[WhiteElo "2595"]
[BlackElo "2590"]

1.d4 Nf6 2.c4 e6 3.Nc3 Bb4 4.Qc2 O-O 5.a3 Bxc3+ 6.Qxc3 b6 7.Bg5 c5 8.dxc5 bxc5
9.e3 h6 10.Bxf6 Qxf6 11.Qxf6 gxf6 12.Ne2 Rd8 13.Nc3 Bb7 14.Be2 Kf8 15.Nb5 Nc6
16.Nd6 Rab8 17.Ne4 Nd4 18.exd4 Bxe4 19.O-O-O Rb3 20.Rde1 Bxg2 21.Rhg1 Bc6
22.Bd1 Rh3 23.dxc5 a5 24.Rg4 a4 25.Reg1 Ke7 26.Rg7 Ra8 27.Bc2 Rxh2 28.f4 Rf8
29.Bh7 f5  0-1

[Event "Limhamn op"]
[Site "Limhamn"]
[Date "1998.??.??"]
[Round "?"]
[White "Hillarp Persson, Tiger"]
[Black "Hall, Jesper"]
[Result "1/2-1/2"]
[WhiteElo "2410"]
[BlackElo "2460"]

1.d4 Nf6 2.c4 e6 3.Nc3 Bb4 4.Qc2 O-O 5.a3 Bxc3+ 6.Qxc3 Ne4 7.Qc2 f5 8.Nh3 d6
9.f3 Nf6 10.e3 Nc6 11.Be2 e5 12.d5 Ne7 13.Nf2 c6 14.dxc6 bxc6 15.b4 a5 16.Bb2 axb4
17.axb4 Rxa1+ 18.Bxa1 Ng6 19.Qd2 d5 20.O-O Qe7 21.b5 Bb7 22.bxc6 Bxc6 23.cxd5 Bxd5
24.Bd3  1/2-1/2

[Event "FRA-chB"]
[Site "Meribel"]
[Date "1998.??.??"]
[Round "3"]
[White "Touzane, Olivier"]
[Black "Calistri, Tristan"]
[Result "0-1"]
[WhiteElo "2350"]
[BlackElo "2225"]

1.d4 e6 2.c4 Nf6 3.Nc3 Bb4 4.Qc2 O-O 5.a3 Bxc3+ 6.Qxc3 b6 7.Bg5 Bb7 8.f3 d6
9.e3 Nbd7 10.Bd3 c5 11.Nh3 cxd4 12.Qxd4 Qe7 13.O-O Rfc8 14.b4 h6 15.Bh4 e5
16.Qb2 Qe6 17.Qb1 e4 18.fxe4 Nxe4 19.Rf4 Re8 20.Qb2 Ng5 21.Bxg5 hxg5 22.Bh7+ Kh8
23.Nxg5 Qxe3+ 24.Qf2 f6 25.Nf7+ Kxh7 26.Rh4+ Kg8 27.Nxd6 Qxf2+ 28.Kxf2 Reb8
29.g4 Ne5 30.h3 Bc6 31.Rh5 Rd8 32.c5 bxc5 33.bxc5 Rab8 34.g5 f5 35.g6 Nd3+
36.Ke3 Nxc5 37.Nxf5 Re8+ 38.Kf4 Rb3 39.Nd6 Ne6+ 40.Kf5 Nd4+ 41.Kg4 Bd7+ 42.Kg5 Rg3+
43.Kh4 Rxh3+ 44.Kg5 Re5+  0-1

[Event "Moscow-ch op"]
[Site "Moscow"]
[Date "1998.??.??"]
[Round "1"]
[White "Dragomarezkij, Evgeni"]
[Black "Gaprindashvili, Valerian"]
[Result "1-0"]
[WhiteElo "2490"]
[BlackElo "2270"]

1.d4 Nf6 2.c4 e6 3.Nc3 Bb4 4.Qc2 O-O 5.a3 Bxc3+ 6.Qxc3 b6 7.Bg5 Bb7 8.f3 c5
9.dxc5 bxc5 10.Nh3 h6 11.Bh4 Nc6 12.e3 Qa5 13.Qxa5 Nxa5 14.b4 cxb4 15.axb4 Nc6
16.b5 Ne7 17.Bd3 Rfc8 18.Kd2 a6 19.e4 e5 20.Bxf6 gxf6 21.Nf2 h5 22.Rhc1 Ng6
23.Nd1 Nf4 24.Ne3 Nxd3 25.Kxd3 Rc5 26.Nd5 Bxd5 27.exd5 a5 28.b6 Rb8 29.Rcb1 Rb7
30.Rb5 Rxb5 31.cxb5 Rxb6 32.Kc4 f5 33.Kc5 Rb8 34.b6 e4 35.Rb1 e3 36.b7 e2
37.Kb6  1-0

[Event "RUS-Cup02"]
[Site "Moscow"]
[Date "1998.??.??"]
[Round "1"]
[White "Chekhov, Valery A"]
[Black "Mozaliov, SV."]
[Result "1-0"]
[WhiteElo "2520"]
[BlackElo "2285"]

1.d4 Nf6 2.c4 e6 3.Nc3 Bb4 4.Qc2 O-O 5.a3 Bxc3+ 6.Qxc3 b6 7.Nf3 Bb7 8.e3 d6
9.b4 Nbd7 10.Bb2 Ne4 11.Qc2 f5 12.Bd3 Rf6 13.d5 Rg6 14.Nd4 exd5 15.cxd5 Rxg2
16.Bxe4 fxe4 17.Ne6 Qe7 18.Nf4 Rg5 19.Qxc7 Ba6 20.Rc1 Rc8 21.Qxa7 Rxc1+ 22.Bxc1 Bd3
23.Bb2 Qe8 24.Kd2 Ne5 25.Bxe5 Qxe5 26.Qb8+ Kf7 27.Qc7+ Kf6 28.Qc3 Qxc3+ 29.Kxc3 Rf5
30.h4 Ke5 31.a4 Rf7 32.Rg1 Rc7+ 33.Kb3 Bc4+ 34.Kb2 Bd3 35.Rg5+ Kf6 36.Nh5+  1-0

[Event "NOR-chT9899"]
[Site "NOR"]
[Date "1998.??.??"]
[Round "1"]
[White "Johansen, Terje"]
[Black "Tisdall, Jonathan D"]
[Result "0-1"]
[WhiteElo "2260"]
[BlackElo "2475"]

1.d4 Nf6 2.c4 e6 3.Nc3 Bb4 4.Qc2 O-O 5.e4 d5 6.e5 Ne4 7.Bd3 c5 8.cxd5 exd5
9.Ne2 Nc6 10.O-O cxd4 11.Nxe4 dxe4 12.Bxe4 Nxe5 13.Bxh7+ Kh8 14.Rd1 Qh4 15.Rxd4 Ng4
16.Bf4 Be1 17.Bg3 Bxf2+ 18.Bxf2 Qxf2+ 19.Kh1 Ne3 20.Qe4 f5 21.Bxf5 Bxf5 22.Qh4+ Bh7  0-1

[Event "SVE Cup q"]
[Site "Norrkoeping"]
[Date "1998.??.??"]
[Round "?"]
[White "Landgren, Andreas"]
[Black "Karlsson, Tomas"]
[Result "0-1"]
[WhiteElo "2050"]
[BlackElo "2190"]

1.d4 Nf6 2.c4 e6 3.Nc3 Bb4 4.Qc2 O-O 5.a3 Bxc3+ 6.Qxc3 b5 7.c5 Nd5 8.Qc2 f5
9.e3 a6 10.Bd3 d6 11.Nf3 dxc5 12.dxc5 Nc6 13.e4 Ndb4 14.axb4 Nxb4 15.Qe2 Nxd3+
16.Kf1 fxe4 17.Qxe4 Nxc5 18.Qxa8 Qd1+ 19.Ne1 Bb7 20.Qa7 Qd4 21.Nf3 Bxf3 22.gxf3 Qd1+
23.Kg2 Qxf3+  0-1

[Event "Wch U14"]
[Site "Oropesa del Mar"]
[Date "1998.??.??"]
[Round "4"]
[White "Hummel, Patrick"]
[Black "Izoria, Zviad"]
[Result "1/2-1/2"]
[WhiteElo "2240"]
[BlackElo "2250"]

1.d4 Nf6 2.c4 e6 3.Nc3 Bb4 4.Qc2 O-O 5.a3 Bxc3+ 6.Qxc3 b6 7.Bg5 h6 8.Bh4 c5
9.e3 Bb7 10.f3 cxd4 11.exd4 d5 12.cxd5 Bxd5 13.Bd3 Nc6 14.Ne2 Na5 15.Ba6 Ne4
16.Bxd8 Nxc3 17.Be7 Nxe2 18.Kxe2 Rfe8 19.Bb4 Bb7 20.Bb5 Bc6 21.Ba6 Bb7 22.Bb5 Nc6
23.Bxc6 Bxc6 24.Rac1 Bd5 25.Rc7 a5 26.Be7 b5 27.Rhc1 Bc4+ 28.Ke3 a4 29.h4 Rac8
30.Rxc8 Rxc8 31.g4 f6 32.h5 Kf7 33.Bb4 Rd8 34.f4 Bd5 35.Bc3 g6 36.hxg6+ Kxg6
37.Rg1 h5 38.gxh5+ Kxh5  1/2-1/2

[Event "Wch U14"]
[Site "Oropesa del Mar"]
[Date "1998.??.??"]
[Round "9"]
[White "Zivanic, Marko"]
[Black "Soltanici, Ruslan"]
[Result "1-0"]
[WhiteElo "2320"]
[BlackElo "2055"]

1.d4 Nf6 2.c4 e6 3.Nc3 Bb4 4.Qc2 O-O 5.a3 Bxc3+ 6.Qxc3 b6 7.Bg5 Bb7 8.e3 d6
9.f3 Nbd7 10.Nh3 h6 11.Bh4 Re8 12.O-O-O d5 13.cxd5 exd5 14.Kb1 Rc8 15.Bd3 g6
16.Be2 Qe7 17.Bf2 c5 18.Rhe1 cxd4 19.Qxd4 Rc4 20.Qd2 Ne5 21.Bg3 Rcc8 22.Bh4 g5
23.Bg3 Red8 24.Bf2 Nc4 25.Qd4 Na5  1-0